000 00250nam a22001217a 4500
020 _a0-86313-682-6
082 _aBAR/S
_bBAR/S
245 _aSCUBA DIVING
260 _aLONDON
_bFRANKLIN WATTS LTD.
300 _a32
650 _aGK
_zLONDON
942 _cBK
999 _c6236
_d6236